UM Logo

Pandemic! 2: (Record no. 16647)

MARC details
000 -LEADER
fixed length control field 02640cam a22005297i 4500
001 - CONTROL NUMBER
control field 22101992
003 - CONTROL NUMBER IDENTIFIER
control field OSt
005 - DATE AND TIME OF LATEST TRANSACTION
control field 20220303151057.0
008 - FIXED-LENGTH DATA ELEMENTS--GENERAL INFORMATION
fixed length control field 210625t20212021xxu b 000 0 eng d
010 ## - LIBRARY OF CONGRESS CONTROL NUMBER
LC control number 2021286025
015 ## - NATIONAL BIBLIOGRAPHY NUMBER
National bibliography number GBC106795
Source bnb
016 7# - NATIONAL BIBLIOGRAPHIC AGENCY CONTROL NUMBER
Record control number 020082686
Source Uk
020 ## - INTERNATIONAL STANDARD BOOK NUMBER
International Standard Book Number 9781509549061
Qualifying information hardcover
020 ## - INTERNATIONAL STANDARD BOOK NUMBER
International Standard Book Number 1509549064
Qualifying information hardcover
020 ## - INTERNATIONAL STANDARD BOOK NUMBER
International Standard Book Number 9781682194096
Qualifying information paperback
020 ## - INTERNATIONAL STANDARD BOOK NUMBER
International Standard Book Number 1682194094
Qualifying information paperback
020 ## - INTERNATIONAL STANDARD BOOK NUMBER
International Standard Book Number 9781509549078
Qualifying information paperback
020 ## - INTERNATIONAL STANDARD BOOK NUMBER
International Standard Book Number 1509549072
Qualifying information paperback
035 ## - SYSTEM CONTROL NUMBER
System control number (OCoLC)on1225067309
040 ## - CATALOGING SOURCE
Original cataloging agency YDX
Language of cataloging eng
Transcribing agency YDX
Description conventions rda
Modifying agency BDX
-- UKMGB
-- OCLCO
-- OCLCF
-- SINLB
-- IAD
-- YDXIT
-- OTP
-- KQX
-- DLC
042 ## - AUTHENTICATION CODE
Authentication code lccopycat
050 00 - LIBRARY OF CONGRESS CALL NUMBER
Classification number RA644.C67
Item number Z59 2021
060 #4 - NATIONAL LIBRARY OF MEDICINE CALL NUMBER
Classification number WC505
Item number .Z82p 2021
082 04 - DEWEY DECIMAL CLASSIFICATION NUMBER
Classification number 2021
Edition number DC 303.485
Item number Z698
100 1# - MAIN ENTRY--PERSONAL NAME
Personal name Žižek, Slavoj,
Relator term author.
9 (RLIN) 44399
245 10 - TITLE STATEMENT
Title Pandemic! 2:
Remainder of title chronicles of a time lost/
Statement of responsibility, etc. Slavoj Žižek.
264 #1 - PRODUCTION, PUBLICATION, DISTRIBUTION, MANUFACTURE, AND COPYRIGHT NOTICE
Place of production, publication, distribution, manufacture [United States] :
Name of producer, publisher, distributor, manufacturer Polity,
Date of production, publication, distribution, manufacture, or copyright notice ©2021.
300 ## - PHYSICAL DESCRIPTION
Extent 191 pages;
Dimensions 18 cm.
336 ## - CONTENT TYPE
Content type term text
Content type code txt
Source rdacontent
337 ## - MEDIA TYPE
Media type term unmediated
Media type code n
Source rdamedia
338 ## - CARRIER TYPE
Carrier type term volume
Carrier type code nc
Source rdacarrier
500 ## - GENERAL NOTE
General note Includes appendices.
520 ## - SUMMARY, ETC.
Summary, etc. "In this ... sequel to his acclaimed Pandemic!: COVID-19 Shakes the World, Žižek delves into some of the more surprising dimensions of lockdowns, quarantines, and social distancing--and the increasingly unruly opposition to them by 'response fatigued' publics around the world. Žižek examines the ripple effects on the food supply of harvest failures caused by labor shortages and the hyper-exploitation of the global class of care workers, without whose labor daily life would be impossible. Through such examples he pinpoints the inability of contemporary capitalism to safeguard effectively the public in times of crisis."--
Assigning source Amazon.com.
650 #0 - SUBJECT ADDED ENTRY--TOPICAL TERM
Topical term or geographic name as entry element COVID-19 (Disease)
General subdivision Economic aspects.
9 (RLIN) 44383
650 #0 - SUBJECT ADDED ENTRY--TOPICAL TERM
Topical term or geographic name as entry element COVID-19 (Disease)
General subdivision Social aspects.
9 (RLIN) 44400
650 #0 - SUBJECT ADDED ENTRY--TOPICAL TERM
Topical term or geographic name as entry element Epidemics
General subdivision Economic aspects.
9 (RLIN) 44401
650 #0 - SUBJECT ADDED ENTRY--TOPICAL TERM
Topical term or geographic name as entry element Epidemics
General subdivision Social aspects.
9 (RLIN) 44402
650 #0 - SUBJECT ADDED ENTRY--TOPICAL TERM
Topical term or geographic name as entry element Capitalism.
9 (RLIN) 39282
650 #7 - SUBJECT ADDED ENTRY--TOPICAL TERM
Topical term or geographic name as entry element Capitalism.
Source of heading or term fast
Authority record control number (OCoLC)fst00846425
9 (RLIN) 39282
650 #7 - SUBJECT ADDED ENTRY--TOPICAL TERM
Topical term or geographic name as entry element COVID-19 (Disease)
General subdivision Economic aspects.
Source of heading or term fast
Authority record control number (OCoLC)fst02021810
9 (RLIN) 44383
650 #7 - SUBJECT ADDED ENTRY--TOPICAL TERM
Topical term or geographic name as entry element COVID-19 (Disease)
General subdivision Social aspects.
Source of heading or term fast
Authority record control number (OCoLC)fst01984649
9 (RLIN) 44400
650 #7 - SUBJECT ADDED ENTRY--TOPICAL TERM
Topical term or geographic name as entry element Epidemics
General subdivision Economic aspects.
Source of heading or term fast
Authority record control number (OCoLC)fst01984660
9 (RLIN) 44401
650 #7 - SUBJECT ADDED ENTRY--TOPICAL TERM
Topical term or geographic name as entry element Epidemics
General subdivision Social aspects.
Source of heading or term fast
Authority record control number (OCoLC)fst00914088
9 (RLIN) 44402
906 ## - LOCAL DATA ELEMENT F, LDF (RLIN)
a 7
b cbc
c copycat
d 2
e ncip
f 20
g y-gencatlg
942 ## - ADDED ENTRY ELEMENTS (KOHA)
Source of classification or shelving scheme Dewey Decimal Classification
Koha item type Circulation
Holdings
Withdrawn status Lost status Source of classification or shelving scheme Damaged status Not for loan Collection code Home library Current library Date acquired Source of acquisition Cost, normal purchase price Total Checkouts Full call number Barcode Date last seen Price effective from Koha item type
    Dewey Decimal Classification     Circulation UM Digos College - LIC UM Digos College - LIC 02/10/2022 Purchased 1796.00   DC 303.485 Z698 2021 26395 05/15/2025 03/03/2022 Circulation